📖 150 premiers mots "Les prénoms épicènes" (Amélie Nothomb) - Statistiques

Statistiques générales
  • Ce quiz a Ă©tĂ© pris 39 fois
  • Le rĂ©sultat moyen est 90 sur 150
Statistiques - réponses
Mots % Correct
Ă€
100%
c'
100%
d'
100%
je
100%
-Je
100%
l'
100%
n'
100%
t'
100%
de
95%
es
95%
la
95%
me
95%
ce
91%
-Ce
91%
est
91%
et
91%
Il
91%
il
91%
-Il
91%
les
91%
mon
91%
que
91%
-Tu
91%
tu
91%
tu ?
91%
ne
86%
pas.
86%
pas
86%
pas ...
86%
qui
86%
un
86%
une
86%
Au
82%
mes
82%
te
82%
y
82%
du
77%
nous
77%
-OĂą
77%
Reine.
77%
Reine,
77%
vas-
77%
plus
73%
si
73%
avait
68%
ton
68%
belle.
64%
dans
64%
femmes
64%
jamais
64%
lui.
64%
sont
64%
toi,
64%
toi.
64%
Vous
64%
comme
59%
prénom
59%
peux
55%
toutes
55%
amour
50%
amour.
50%
As-
50%
vais
50%
autres
45%
été
41%
Parce
41%
avions
36%
tĂ´t,
36%
appelles
32%
bras,
32%
quelqu'
32%
-Très
32%
début,
27%
heures
27%
Trois
27%
cause
23%
existent
23%
parler
23%
Pourquoi ?
23%
ans
18%
déjà
18%
entendu
18%
faudra
18%
laides.
18%
Non.
18%
-Non.
18%
-Cinq
14%
drĂ´le.
14%
faisons
14%
habituer.
14%
haut.
14%
pourtant
14%
Reste
14%
heureux
9%
marier.
9%
nommes
9%
présent,
9%
tellement
9%
colère
5%
décolère
5%
décolère.
5%
Décolérer
5%
différemment.
5%
histoire ?
5%
négation.
5%
pareille
5%
terrifiait.
5%
tolère
5%
verbe
5%
désespoir.
0%
lirez
0%
précieuse,
0%
protège
0%
supporterais
0%
Aucun quiz correspondant
Distribution des résultats
% des personnes avec chaque résultat
Percentile par nombre de réponses
Votre historique - résultats
Vous n’avez pas pris ce quiz